Spôsob výpočtu neodvedenia dane a poistného v znaleckom posudku

V súčasnosti existuje veľa podnikateľských subjektov, ktorí sa snažia zákon obísť a krátia tak svoje dane, prípadne mnoho z nich neodvedú do štátneho rozpočtu. Ich špekulatívnosť a vynaliezavosť vyúsťuje do daňových trestných činov, ktoré niekedy nevedia odhaliť ani daňové a finančné orgány, či samo...

Descrizione completa

Salvato in:
Dettagli Bibliografici
Autore principale: Kudlová, Zuzana, 1986-
Natura: Capitolo di libro
Lingua:slovacco
Soggetti:
Tags: Aggiungi Tag
Nessun Tag, puoi essere il primo ad aggiungerne!!

MARC

LEADER 00000naa$a2200000$$$4500
001 0292045
005 20240502074500.6
041 0 |a slo 
044 |a SK 
245 1 0 |a Spôsob výpočtu neodvedenia dane a poistného v znaleckom posudku  |c Zuzana Kudlová 
520 |a V súčasnosti existuje veľa podnikateľských subjektov, ktorí sa snažia zákon obísť a krátia tak svoje dane, prípadne mnoho z nich neodvedú do štátneho rozpočtu. Ich špekulatívnosť a vynaliezavosť vyúsťuje do daňových trestných činov, ktoré niekedy nevedia odhaliť ani daňové a finančné orgány, či samotní vyšetrovatelia. Spôsob výpočtu nezaplatenia dane a poistného na prípadovej štúdií z pohľadu znalca z odboru ekonómia a manažment v znaleckom posudku. 
610 2 0 |a dane 
610 2 0 |a daňovníci 
610 2 0 |a znalci 
610 2 0 |a znalectvo 
610 2 0 |a posudky znalecké 
610 2 0 |a podvody 
610 2 0 |a podvody daňové 
100 1 |a Kudlová, Zuzana, 1986-